Religions en France - Statistiques

Statistiques générales
  • Ce quiz a été pris 1 851 fois
  • Le résultat moyen est 3 sur 5
Statistiques - réponses
% Religions % Correct
8,3 Islam
95%
58,1 Christianisme
86%
0,8 Judaïsme
75%
31,9 Athéisme
45%
1,5 Bouddhisme
42%
Aucun quiz correspondant
Distribution des résultats
% des personnes avec chaque résultat
Percentile par nombre de réponses
Votre historique - résultats
Vous n’avez pas pris ce quiz